000
00233nam a22000857a 4500
999
_c
11509
_d
11509
008
190530b ||||| |||| 00| 0 eng d
020
_a
9781576581742
100
_9
7226
_a
BENGE JANET GEOFF
245
_a
JONATHAN GOFORTH AN OPEN DOOR IN CHINA